Statistics for All UEFA European Championships (Euros) Runners-Up

Click here to take the quiz!

General Stats

  • This quiz has been taken 36 times
  • The average score is 16 of 16

Answer Stats

EuroWinnersScoreRunners-upHost Nation% Correct
1980West Germany2–1BelgiumItaly
100%
2020 (p)Italy*1–1England11 Host Countries (England)
100%
2016 (AET)Portugal1–0FranceFrance
100%
1992Denmark2–0GermanySweden
100%
2008Spain1–0GermanyAustria & Switzerland
100%
2000 (g.g)France2–1ItalyBelgium & Netherlands
100%
2012Spain4–0ItalyPoland & Ukraine
100%
2004Greece1–0PortugalPortugal
100%
1964Spain2–1Soviet UnionSpain
100%
1972West Germany3–0Soviet UnionBelgium
100%
1988Netherlands2–0Soviet UnionWest Germany
100%
1984France2–0SpainFrance
100%
1976 (p)Czechoslovakia*2–2West GermanyYugoslavia
100%
1960 (AET)Soviet Union2–1YugoslaviaFrance
86%
1968 (r)Italy2–0YugoslaviaItaly
86%
1996 (g.g)Germany2–1Czech RepublicEngland
83%

Score Distribution

Percentile by Number Answered

Percent of People with Each Score

Your Score History

You have not taken this quiz